000
00336 a2200133 4500
000
nam a22 7a 4500
100
_a
Vikram, Singh
110
_a
Vikram, Singh
245
_a
Artificial Intelligence in Yoga
250
_a
latest edition
260
_b
Friends publication
_c
2025
264
_b
Friends publication
_c
2025
942
_c
BK
999
_c
396152
_d
396152